Statistics for Random National Animal to European Country

Click here to take the quiz!

General Stats

  • This quiz has been taken 28 times
  • The average score is 6 of 10

Answer Stats

National AnimalCountry% Correct
LionUnited Kingdom/Netherlands
96%
____ wolfItaly
83%
mooseSweden
79%
DragonPortugal
63%
crowned white-tailed eaglePoland
58%
wolfEstonia
54%
European pine martenCroatia
50%
CattleAndorra
46%
Common nightingaleUkraine
42%
Common KestrelLiechtenstein
38%

Score Distribution

Percentile by Number Answered

Percent of People with Each Score

Your Score History

You have not taken this quiz